Complex variables and applications (Record no. 7806)

000 -LEADER
fixed length control field 00528nam a2200193 4500
001 - CONTROL NUMBER
control field 7806
003 - CONTROL NUMBER IDENTIFIER
control field BD-DhUET
008 - FIXED-LENGTH DATA ELEMENTS--GENERAL INFORMATION
fixed length control field 141213b/xxu||||| |||| 00| 0 eng d
040 ## - CATALOGING SOURCE
Original cataloging agency DLC
Language of cataloging DLC
Transcribing agency BD-DhUET
082 ## - DEWEY DECIMAL CLASSIFICATION NUMBER
Edition number 1st ed.
Classification number 517.8
Item number CHU/1974
100 ## - MAIN ENTRY--PERSONAL NAME
Personal name Churchill , Ruel V.
245 ## - TITLE STATEMENT
Title Complex variables and applications
Statement of responsibility, etc. by Ruel V. Churchill
250 ## - EDITION STATEMENT
Edition statement 1st ed.
260 ## - PUBLICATION, DISTRIBUTION, ETC. (IMPRINT)
Place of publication, distribution, etc. Newyork
Name of publisher, distributor, etc. McGraw Hill
Date of publication, distribution, etc. 1974
300 ## - PHYSICAL DESCRIPTION
Extent IX, 293 p .
Other physical details col. ill.
504 ## - BIBLIOGRAPHY, ETC. NOTE
Bibliography, etc includes bibliographies
650 #0 - SUBJECT ADDED ENTRY--TOPICAL TERM
Topical term or geographic name as entry element Math complex variable
942 ## - ADDED ENTRY ELEMENTS (KOHA)
Koha item type General Book
Holdings
Koha item type Copy number Source of classification or shelving scheme Koha issues (times borrowed) Damaged status Not for loan Koha normalized classification for sorting Koha full call number Koha date last borrowed Piece designation (barcode) Date acquired Sublocation or collection (holding branch) Shelving location Lost status Koha date last seen Withdrawn status Price effective from Location (home branch)
General Book1    517_800000000000000_CHU_1974517.8/CHU/1974 528882014-12-13Central Library, BUETCirculation section 2014-12-13 2014-12-13Central Library, BUET
General Book2    517_800000000000000_CHU_1974517.8/CHU/1974 528902014-12-13Central Library, BUETCirculation section 2014-12-13 2014-12-13Central Library, BUET
General Book3 1  517_800000000000000_CHU_1974517.8/CHU/19742016-07-13677912014-12-13Central Library, BUETCirculation section 2016-12-20 2014-12-13Central Library, BUET
General Book4 2  517_800000000000000_CHU_1974517.8/CHU/19742024-09-01528862014-12-13Central Library, BUETCirculation section 2024-09-15 2014-12-13Central Library, BUET
General Book5    517_800000000000000_CHU_1974517.8/CHU/1974 73632014-12-13Central Library, BUETCirculation section 2014-12-13 2014-12-13Central Library, BUET